Đặc điểm thủy lý, hóa và sinh vật tại rạch mái dầm đoạn cụm công nghiệp tập trung phú hữu A, huyện Châu Thành, tỉnh Hậu Giang : Luận văn thạc sỹ quản lý môi trường
Đề tài nghiên cứu nhằm cung cấp dữ liệu ban đầu về chất lượng nước mặt tại khu vực nghiên cứu.
में बचाया:
| मुख्य लेखक: | |
|---|---|
| स्वरूप: | पुस्तक |
| भाषा: | Undetermined |
| प्रकाशित: |
Cần Thơ
Trường Đại học Cần Thơ
2012
|
| विषय: | |
| टैग : |
टैग जोड़ें
कोई टैग नहीं, इस रिकॉर्ड को टैग करने वाले पहले व्यक्ति बनें!
|
| Thư viện lưu trữ: | Trung tâm Học liệu Trường Đại học Cần Thơ |
|---|
| LEADER | 01077nam a2200217Ia 4500 | ||
|---|---|---|---|
| 001 | CTU_175345 | ||
| 008 | 210402s9999 xx 000 0 und d | ||
| 082 | |a 363.7 | ||
| 082 | |b Nh500 | ||
| 088 | |a 60850101 | ||
| 100 | |a Đoàn, Thị Anh Nhu | ||
| 245 | 0 | |a Đặc điểm thủy lý, hóa và sinh vật tại rạch mái dầm đoạn cụm công nghiệp tập trung phú hữu A, huyện Châu Thành, tỉnh Hậu Giang : | |
| 245 | 0 | |b Luận văn thạc sỹ quản lý môi trường | |
| 245 | 0 | |c Đoàn Thị Anh Nhu ; Bùi Thị Nga, Dương Trí Dũng (Hướng dẫn khoa học) | |
| 260 | |a Cần Thơ | ||
| 260 | |b Trường Đại học Cần Thơ | ||
| 260 | |c 2012 | ||
| 520 | |a Đề tài nghiên cứu nhằm cung cấp dữ liệu ban đầu về chất lượng nước mặt tại khu vực nghiên cứu. | ||
| 650 | |a Environmental management,Quản lý môi trường | ||
| 904 | |i mai,Hải | ||
| 980 | |a Trung tâm Học liệu Trường Đại học Cần Thơ | ||